[Event "POL Cup op blitz"]
[Site "Lodz"]
[Date "2021.08.08"]
[Round "11"]
[White "Adamczewski, Maciej"]
[Black "Pietrzak, Tomasz"]
[Result "0-1"]
[WhiteElo "2053"]
[BlackElo "1751"]
[PlyCount "105"]
[EventDate "2021.08.08"]
[EventType "swiss (blitz)"]
[EventRounds "13"]
[EventCountry "POL"]
[SourceTitle "CBM 203 Extra"]
[Source "ChessBase"]
[SourceDate "2021.09.30"]
[SourceVersion "1"]
[SourceVersionDate "2021.09.30"]
[SourceQuality "1"]

1. d4 e6 2. c4 Bb4+ 3. Bd2 a5 4. Nf3 Nf6 5. Qc2 d5 6. a3 Bxd2+ 7. Nbxd2 0-0 8. e3 Nbd7 9. Bd3 b6 10. cxd5 exd5 11. 0-0 c5 12. dxc5 Nxc5 13. b4 Nxd3 14. Qxd3 Ba6 15. b5 Bb7 16. Nd4 Ne4 17. a4 Rc8 18. Rac1 Qe7 19. Nxe4 dxe4 20. Qb3 Rc5 21. h3 Rfc8 22. Qb2 g6 23. Nb3 Rc4 24. Qa1 Qb4 25. Rxc4 Rxc4 26. Nc1 Qxa4 27. Qe5 Bc8 28. Ne2 Rc5 29. Qe8+ Kg7 30. Nd4 Qc4 31. Qxe4 Rxb5 32. Qe7 Rc5 33. Rb1 b5 34. Qa7 a4 35. Qa5 Bd7 36. Qa7 Rc7 37. Qa5 h5 38. Qa6 Qc5 39. Qa5 Ra7 40. Qd8 a3 41. Nb3 Qb4 42. Qg5 a2 43. Ra1 Qxb3 44. Qe5+ Kh7 45. Qf6 Be6 46. Kh2 Qc4 47. h4 b4 48. f3 b3 49. Rd1 Rd7 50. Rxd7 Bxd7 51. g4 hxg4 52. h5 Qc2+ 53. Kg3 0-1

[Event "POL Cup op blitz"]
[Site "Lodz"]
[Date "2021.08.08"]
[Round "8"]
[White "Bartel, Michal"]
[Black "Pietrzak, Tomasz"]
[Result "1-0"]
[WhiteElo "2246"]
[BlackElo "1751"]
[PlyCount "63"]
[EventDate "2021.08.08"]
[EventType "swiss (blitz)"]
[EventRounds "13"]
[EventCountry "POL"]
[SourceTitle "CBM 203 Extra"]
[Source "ChessBase"]
[SourceDate "2021.09.30"]
[SourceVersion "1"]
[SourceVersionDate "2021.09.30"]
[SourceQuality "1"]

1. e4 c5 2. Ne2 Nc6 3. g3 e5 4. Nbc3 d6 5. Bg2 g6 6. Nd5 Bg7 7. Nec3 Nge7 8. 0-0 0-0 9. d3 h6 10. f4 f5 11. Be3 Be6 12. Qd2 Kh7 13. Rae1 Rb8 14. fxe5 Nxe5 15. Nf4 Bf7 16. h3 b5 17. b3 b4 18. Nce2 g5 19. Nd5 Nxd5 20. exd5 Bg6 21. d4 Nd7 22. dxc5 Nxc5 23. Nd4 Bxd4 24. Bxd4 Ne4 25. Qe3 Qa5 26. Kh2 Rbe8 27. Qf3 Qxd5 28. Bb2 Qc5 29. Qd3 f4 30. Bxe4 fxg3+ 31. Kxg3 Rxe4 32. Rxe4 1-0

[Event "Oravska Priehrada op"]
[Site "Namestovo"]
[Date "2017.08.27"]
[Round "7"]
[White "Stevik, Patrik1111"]
[Black "Pietrzak, Tomasz"]
[Result "0-1"]
[WhiteElo "1899"]
[BlackElo "1470"]
[PlyCount "102"]
[EventDate "2017.08.25"]
[EventType "swiss"]
[EventRounds "7"]
[EventCountry "SVK"]
[SourceTitle "CBM 180 Extra"]
[Source "ChessBase"]
[SourceDate "2017.10.06"]
[SourceVersion "1"]
[SourceVersionDate "2017.10.06"]
[SourceQuality "1"]

1. e4 d5 2. exd5 Nf6 3. c4 e6 4. dxe6 Bxe6 5. Nc3 Nc6 6. h3 Qe7 7. Qe2 Bf5 8. Qxe7+ Bxe7 9. Nb5 0-0-0 10. Ne2 a6 11. Na3 Bxa3 12. bxa3 Nd4 13. Nxd4 Rxd4 14. Bb2 Re8+ 15. Kd1 Rd7 16. f3 Nh5 17. g4 Ng3 18. Rg1 Nxf1 19. Rxf1 Bd3 20. Re1 Rxe1+ 21. Kxe1 g6 22. Rc1 Re7+ 23. Kd1 Be2+ 24. Kc2 Bxc4 25. Bc3 c6 26. Kb2 Re2 27. f4 Bd3 28. Rg1 Rf2 29. Rg3 Bc4 30. Be5 Bd5 31. Kc3 Kd7 32. Kd3 Rf3+ 33. Rxf3 Bxf3 34. a4 Bg2 35. h4 Bh3 36. g5 c5 37. a5 Kc6 38. Ke3 Bf5 39. d3 Kd5 40. a3 Kc6 41. Bc3 Kd5 42. Bd2 Kd6 43. Bc3 Kd5 44. Be5 Bg4 45. Bc3 Bf5 46. Be5 c4 47. dxc4+ Kxc4 48. Bd6 Kd5 49. Bf8 Kc4 50. Be7 Kd5 51. Bb4 Kc4 0-1

[Event "Oravska Priehrada op"]
[Site "Namestovo"]
[Date "2017.08.26"]
[Round "2"]
[White "Pietrzak, Tomasz"]
[Black "Galbavy, Dusan"]
[Result "0-1"]
[WhiteElo "1470"]
[BlackElo "1750"]
[PlyCount "65"]
[EventDate "2017.08.25"]
[EventType "swiss"]
[EventRounds "7"]
[EventCountry "SVK"]
[SourceTitle "CBM 180 Extra"]
[Source "ChessBase"]
[SourceDate "2017.10.06"]
[SourceVersion "1"]
[SourceVersionDate "2017.10.06"]
[SourceQuality "1"]

1. Nf3 f5 2. d3 Nf6 3. e4 d6 4. e5 dxe5 5. Nxe5 Nbd7 6. Qe2 c6 7. h3 Qa5+ 8. Bd2 Qxe5 9. f4 Qxe2+ 10. Bxe2 e6 11. 0-0 Bc5+ 12. Kh2 0-0 13. g4 fxg4 14. hxg4 Nd5 15. c3 Ne3 16. Bxe3 Bxe3 17. Kg3 e5 18. fxe5 Rxf1 19. Bxf1 Nxe5 20. Be2 Be6 21. Na3 Rf8 22. d4 Ng6 23. Bd3 Bf2+ 24. Kh2 Nf4 25. Be4 Bxg4 26. Rf1 Bh4 27. Nc2 Rf6 28. Ne3 Be2 29. Rc1 Bf2 30. Nf5 g5 31. Rc2 g4 32. Rc1 g3+ 33. Kh1 0-1

[Event "London op Congress August"]
[Site "London"]
[Date "2013.08.26"]
[Round "6"]
[White "Millward, David J"]
[Black "Pietrzak, Tomasz"]
[Result "0-1"]
[WhiteElo "1958"]
[BlackElo "1935"]
[PlyCount "114"]
[EventDate "2013.08.24"]
[EventType "swiss"]
[EventRounds "6"]
[EventCountry "ENG"]
[SourceTitle "EXT 2023"]
[Source "ChessBase"]
[SourceDate "2022.10.05"]
[SourceVersion "1"]
[SourceVersionDate "2022.10.05"]
[SourceQuality "1"]

1. e4 c5 2. Nc3 g6 3. f4 Bg7 4. Nf3 Nc6 5. g3 e6 6. Bg2 Nge7 7. 0-0 0-0 8. d3 Rb8 9. Be3 Nd4 10. Qd2 d5 11. Nd1 dxe4 12. dxe4 Nxf3+ 13. Bxf3 Qxd2 14. Bxd2 e5 15. c3 Rd8 16. Be3 b6 17. Nf2 Be6 18. Be2 c4 19. Rfd1 Nc6 20. Rxd8+ Rxd8 21. Rd1 Rxd1+ 22. Bxd1 b5 23. Kf1 Kf8 24. Ke1 Ke7 25. Kd2 Kd6 26. Bc2 a5 27. f5 Bd7 28. g4 Ne7 29. h4 h5 30. gxh5 gxf5 31. exf5 Bxf5 32. Ne4+ Kd5 33. Ng3 Bxc2 34. Kxc2 Ke6 35. h6 Bh8 36. Kd2 f5 37. Bg5 Nd5 38. Bd8 a4 39. a3 Nf4 40. Bg5 Nd3 41. Kc2 e4 42. Ne2 Kd5 43. Be7 f4 44. Bf8 f3 45. Ng3 e3 46. Kd1 Nxb2+ 47. Ke1 Nd3+ 48. Kf1 e2+ 49. Nxe2 fxe2+ 50. Kxe2 Nf4+ 51. Kf3 Ng6 52. Bg7 Nxh4+ 53. Kg4 Ng6 54. Kg5 Bxg7 55. hxg7 Ne7 56. Kf6 Kd6 57. Kf7 b4 0-1

[Event "London op Congress August"]
[Site "London"]
[Date "2013.08.24"]
[Round "2"]
[White "Prior, Stephen"]
[Black "Pietrzak, Tomasz"]
[Result "1-0"]
[WhiteElo "2006"]
[BlackElo "1935"]
[PlyCount "111"]
[EventDate "2013.08.24"]
[EventType "swiss"]
[EventRounds "6"]
[EventCountry "ENG"]
[SourceTitle "EXT 2023"]
[Source "ChessBase"]
[SourceDate "2022.10.05"]
[SourceVersion "1"]
[SourceVersionDate "2022.10.05"]
[SourceQuality "1"]

1. e4 d5 2. exd5 Qxd5 3. Nf3 Nf6 4. d4 Bf5 5. c4 Qe4+ 6. Be2 Qc2 7. 0-0 Qxd1 8. Rxd1 e6 9. Nc3 c6 10. d5 exd5 11. cxd5 Nxd5 12. Nxd5 cxd5 13. Rxd5 Bd7 14. Be3 Be7 15. Ne5 Be6 16. Rb5 Nc6 17. Nxc6 bxc6 18. Rb7 Bf6 19. Bc5 a5 20. Bf3 Bd5 21. Re1+ Kd8 22. Bxd5 cxd5 23. Rxf7 Bxb2 24. Bb6+ Kc8 25. Rc7+ Kb8 26. Rb1 Ra6 27. Rc2 Rxb6 28. Rcxb2 Rxb2 29. Rxb2+ Kc7 30. f4 Kc6 31. Kf2 Re8 32. g4 Re7 33. Kf3 Kc5 34. f5 Kc4 35. g5 a4 36. a3 d4 37. h4 Re3+ 38. Kg4 Re7 39. f6 gxf6 40. gxf6 Rf7 41. Kf5 Kc3 42. Rb8 d3 43. Ke6 Ra7 44. f7 Rxf7 45. Kxf7 Kc2 46. Kg7 d2 47. Rc8+ Kb2 48. Rd8 Kc2 49. Kxh7 d1Q 50. Rxd1 Kxd1 51. Kg6 Kc2 52. h5 Kb3 53. h6 Kxa3 54. h7 Ka2 55. h8Q a3 56. Qc3 1-0

[Event "POL-ch Amateurs"]
[Site "Wroclaw"]
[Date "2011.07.02"]
[Round "2"]
[White "Jagiela, Piotr"]
[Black "Pietrzak, Tomasz"]
[Result "1/2-1/2"]
[WhiteElo "1808"]
[BlackElo "1927"]
[PlyCount "109"]
[EventDate "2011.07.01"]
[EventType "swiss"]
[EventRounds "7"]
[EventCountry "POL"]
[SourceTitle "EXT 2023"]
[Source "ChessBase"]
[SourceDate "2022.10.05"]
[SourceVersion "1"]
[SourceVersionDate "2022.10.05"]
[SourceQuality "1"]

1. c4 e6 2. d4 d5 3. e3 c5 4. dxc5 Bxc5 5. cxd5 exd5 6. Nf3 Nf6 7. Nc3 0-0 8. Bd3 Nc6 9. 0-0 a6 10. a3 d4 11. exd4 Nxd4 12. Nxd4 Bxd4 13. Qc2 Be6 14. Bg5 h6 15. Bxf6 Bxf6 16. Ne4 Rc8 17. Nxf6+ Qxf6 18. Qe2 Qf4 19. Qe4 Qxe4 20. Bxe4 Rc7 21. Rad1 a5 22. Rd4 Rfc8 23. f3 Kf8 24. Rfd1 Ke7 25. Kf2 b5 26. R1d2 Rb8 27. b4 a4 28. R4d3 Rbc8 29. Re3 Rc3 30. g4 Kf6 31. h4 g6 32. Ke2 Rc1 33. Rd1 R8c3 34. Rxc1 Rxc1 35. Kf2 Bc4 36. Kg3 Rg1+ 37. Kh2 Ra1 38. Bc6 Ra2+ 39. Kg3 g5 40. hxg5+ hxg5 41. f4 Re2 42. fxg5+ Kxg5 43. Rxe2 Bxe2 44. Bd7 Bc4 45. Bf5 Bd5 46. Bd7 Bc4 47. Bf5 Bf1 48. Be4 Kf6 49. Kf4 Ke6 50. g5 Bc4 51. Bf3 Bd3 52. Ke3 Bc4 53. Kf4 Bd3 54. Ke3 Bc4 55. Kf4 1/2-1/2

[Event "Slesin Way to success 4th"]
[Site "Slesin"]
[Date "2011.05.21"]
[Round "2.2"]
[White "Kaluzny, Wlodzimierz"]
[Black "Pietrzak, Tomasz"]
[Result "0-1"]
[WhiteElo "2133"]
[BlackElo "1927"]
[PlyCount "125"]
[EventDate "2011.05.20"]
[EventType "swiss"]
[EventRounds "5"]
[EventCountry "POL"]
[SourceTitle "EXT 2023"]
[Source "ChessBase"]
[SourceDate "2022.10.05"]
[SourceVersion "1"]
[SourceVersionDate "2022.10.05"]
[SourceQuality "1"]

1. d4 Nf6 2. Nf3 d6 3. Bf4 g6 4. e3 Bg7 5. h3 0-0 6. Bc4 a6 7. a4 Nbd7 8. 0-0 c5 9. c3 Ne4 10. Nbd2 Nxd2 11. Qxd2 cxd4 12. exd4 Nf6 13. Rfe1 Bf5 14. Bd3 Bxd3 15. Qxd3 d5 16. Re2 e6 17. Ne5 Nd7 18. Ng4 Qa5 19. Qf3 h5 20. Nh2 Nf6 21. Qe3 Rac8 22. g4 hxg4 23. hxg4 Rc4 24. Bd6 Rfc8 25. Bb4 Qc7 26. a5 Qxh2+ 27. Kxh2 Nxg4+ 28. Kg2 Nxe3+ 29. fxe3 R4c6 30. Bc5 Bf6 31. Rf2 Bg5 32. Rf3 Kg7 33. Raf1 f5 34. Rh1 Rh8 35. Rxh8 Kxh8 36. Rg3 Bh6 37. Rxg6 Bxe3 38. Kf3 Kh7 39. Rg2 Bh6 40. Be7 Rc8 41. Bd6 Rg8 42. Rh2 Kg6 43. Rg2+ Kf7 44. Rh2 Bg7 45. Bf4 Rh8 46. Rg2 Rh3+ 47. Ke2 Bf6 48. Bd6 Rh4 49. Kd2 Rg4 50. Rh2 Kg6 51. Kd3 f4 52. Ke2 Bh4 53. Be5 Kf5 54. Kf3 Rg3+ 55. Ke2 Re3+ 56. Kd1 Bg3 57. Rh1 Ke4 58. Rf1 Rf3 59. Rh1 Kd3 60. Bd6 Rf2 61. Kc1 Ke3 62. Rh6 Kd3 63. Kb1 0-1

[Event "Dabrowica Jastkow Memorial op 3rd"]
[Site "Dabrowica"]
[Date "2011.01.08"]
[Round "2.6"]
[White "Sygnowski, Tomasz"]
[Black "Pietrzak, Tomasz"]
[Result "1-0"]
[WhiteElo "2033"]
[BlackElo "1946"]
[PlyCount "45"]
[EventDate "2011.01.07"]
[EventType "swiss"]
[EventRounds "5"]
[EventCountry "POL"]
[SourceTitle "EXT 2023"]
[Source "ChessBase"]
[SourceDate "2022.10.05"]
[SourceVersion "1"]
[SourceVersionDate "2022.10.05"]
[SourceQuality "1"]

1. e4 Nf6 2. Nc3 e5 3. f4 d5 4. fxe5 Nxe4 5. Nf3 Bg4 6. d3 Nc5 7. d4 Ne4 8. Be2 Bxf3 9. Bxf3 Qh4+ 10. g3 Nxc3 11. bxc3 Qd8 12. Qd3 c6 13. Rb1 b5 14. 0-0 Be7 15. Rxb5 0-0 16. Rb7 Nd7 17. Qf5 Nb6 18. e6 g6 19. exf7+ Kg7 20. Qe6 Bf6 21. Be2 g5 22. Bd3 h6 23. Qf5 1-0

[Event "Chylice Fidelice Cup"]
[Site "Chylice"]
[Date "2010.10.01"]
[Round "1.1"]
[White "Pietrzak, Tomasz"]
[Black "Winiarski, Mikolaj"]
[Result "0-1"]
[WhiteElo "1961"]
[BlackElo "1713"]
[PlyCount "70"]
[EventDate "2010.10.01"]
[EventType "tourn"]
[EventRounds "5"]
[EventCountry "POL"]
[SourceTitle "EXT 2023"]
[Source "ChessBase"]
[SourceDate "2022.10.05"]
[SourceVersion "1"]
[SourceVersionDate "2022.10.05"]
[SourceQuality "1"]

1. Nf3 Nf6 2. d4 d5 3. c4 c6 4. e3 Bf5 5. cxd5 cxd5 6. Qb3 Qb6 7. Nc3 Qxb3 8. axb3 Nc6 9. Bb5 Bd7 10. Ne5 e6 11. Bd2 Bd6 12. f4 0-0 13. Ke2 Rfc8 14. Rhc1 Be8 15. Bd3 Nb4 16. Bb1 a6 17. Nd3 Nxd3 18. Bxd3 Bc6 19. Kf3 Bb4 20. g4 Ne4 21. Be1 Nf6 22. g5 Nd7 23. h4 Kh8 24. Bd2 f6 25. e4 Bxc3 26. bxc3 e5 27. gxf6 Nxf6 28. fxe5 dxe4+ 29. Kf4 Rf8 30. Bc4 Nh5+ 31. Kg4 Rf3 32. Kxh5 Raf8 33. Rf1 Be8+ 34. Bf7 Bxf7+ 35. Kg4 Be6+ 0-1

[Event "Kowalewo Pomorskie op-A 17th"]
[Site "Kowalewo Pomorskie"]
[Date "2010.07.10"]
[Round "9"]
[White "Kuchnio, Przemyslaw"]
[Black "Pietrzak, Tomasz"]
[Result "1-0"]
[WhiteElo "2089"]
[BlackElo "1980"]
[PlyCount "53"]
[EventDate "2010.07.04"]
[EventType "swiss"]
[EventRounds "8"]
[EventCountry "POL"]
[SourceTitle "CBM 137 Extra"]
[Source "ChessBase"]
[SourceDate "2010.09.01"]
[SourceVersion "1"]
[SourceVersionDate "2010.09.01"]
[SourceQuality "1"]

1. c4 e6 2. Nc3 d5 3. e3 c5 4. d4 Nf6 5. Nf3 a6 6. b3 cxd4 7. exd4 Bb4 8. Bd2 Nc6 9. a3 Be7 10. c5 Qc7 11. Na4 e5 12. dxe5 Nxe5 13. Bc3 Nxf3+ 14. gxf3 Bd7 15. b4 d4 16. Bxd4 Rd8 17. Qb3 Be6 18. Qb2 Qd7 19. c6 Qxc6 20. Nc5 Qxf3 21. Rg1 g6 22. Rg3 Qf5 23. Bd3 Qd5 24. Bxf6 Bxf6 25. Qxf6 0-0 26. Nxe6 fxe6 27. Rxg6+ 1-0

[Event "Dabrowica op 2nd"]
[Site "Dabrowica"]
[Date "2010.01.08"]
[Round "1"]
[White "Pietrzak, Tomasz"]
[Black "Grenda, Wojciech"]
[Result "1-0"]
[WhiteElo "1995"]
[BlackElo "1522"]
[PlyCount "45"]
[EventDate "2010.01.08"]
[EventType "swiss"]
[EventRounds "7"]
[EventCountry "POL"]
[SourceTitle "EXT 2011"]
[Source "ChessBase"]
[SourceDate "2010.11.26"]
[SourceVersion "1"]
[SourceVersionDate "2010.11.26"]
[SourceQuality "1"]

1. Nf3 d5 2. d4 Bf5 3. g3 Nf6 4. Bg2 e6 5. 0-0 c5 6. c4 Nc6 7. cxd5 Nxd5 8. Nc3 Nxc3 9. bxc3 Be4 10. Qa4 cxd4 11. Rd1 Qb6 12. Rxd4 Bg6 13. Ne5 Rc8 14. Be3 Be7 15. Rd7 Qb2 16. Rad1 Bc2 17. Bxc6 Kf8 18. Qf4 f6 19. Rxe7 bxc6 20. Rdd7 Qb1+ 21. Kg2 Bg6 22. Nxg6+ Qxg6 23. Qd6 1-0

[Event "Rewal op-A 13th"]
[Site "Rewal"]
[Date "2008.08.27"]
[Round "7"]
[White "Pietrzak, Tomasz"]
[Black "Jagodzinski, Waldemar"]
[Result "0-1"]
[WhiteElo "2016"]
[BlackElo "2141"]
[PlyCount "34"]
[EventDate "2008.08.20"]
[EventType "swiss"]
[EventRounds "9"]
[EventCountry "POL"]
[SourceTitle "CBM 126 Extra"]
[Source "ChessBase"]
[SourceDate "2008.11.05"]
[SourceVersion "1"]
[SourceVersionDate "2008.11.05"]
[SourceQuality "1"]

1. Nf3 d5 2. d4 Bf5 3. c4 e6 4. Nc3 c6 5. Qb3 Qb6 6. g3 Na6 7. cxd5 exd5 8. e4 dxe4 9. Bxa6 Qxa6 10. Ne5 Be6 11. d5 cxd5 12. Nb5 Rc8 13. 0-0 d4 14. Bg5 Bxb3 15. Rfc1 Bc5 16. a4 Qe6 17. f4 d3+ 0-1

[Event "Rewal op-A 13th"]
[Site "Rewal"]
[Date "2008.08.26"]
[Round "6"]
[White "Kues, Jarl Hendrik"]
[Black "Pietrzak, Tomasz"]
[Result "1/2-1/2"]
[WhiteElo "2235"]
[BlackElo "2016"]
[PlyCount "61"]
[EventDate "2008.08.20"]
[EventType "swiss"]
[EventRounds "9"]
[EventCountry "POL"]
[SourceTitle "CBM 126 Extra"]
[Source "ChessBase"]
[SourceDate "2008.11.05"]
[SourceVersion "1"]
[SourceVersionDate "2008.11.05"]
[SourceQuality "1"]

1. d4 d5 2. Nf3 c5 3. c3 e6 4. Bf4 Nc6 5. e3 Nf6 6. Nbd2 Nh5 7. Bg5 Qb6 8. Ne5 Nf6 9. Nxc6 bxc6 10. Qb3 Ba6 11. Bxf6 gxf6 12. Qxb6 axb6 13. a3 Bxf1 14. Kxf1 f5 15. Ke2 Bd6 16. g3 Kd7 17. Rac1 c4 18. Rcf1 h5 19. Nf3 Rh7 20. Rhg1 Rg7 21. Nh4 Rag8 22. Nf3 Kc7 23. Rh1 Kd7 24. Ne1 Rh8 25. Ng2 Rhg8 26. Kf3 Rh8 27. h4 Rg4 28. Ke2 Rgg8 29. Ne1 Re8 30. Nf3 f6 31. Rd1 1/2-1/2

[Event "Rewal op-A 13th"]
[Site "Rewal"]
[Date "2008.08.20"]
[Round "1"]
[White "Butkiewicz, Lukasz"]
[Black "Pietrzak, Tomasz"]
[Result "1-0"]
[WhiteElo "2284"]
[BlackElo "2016"]
[PlyCount "93"]
[EventDate "2008.08.20"]
[EventType "swiss"]
[EventRounds "9"]
[EventCountry "POL"]
[SourceTitle "CBM 126 Extra"]
[Source "ChessBase"]
[SourceDate "2008.11.05"]
[SourceVersion "1"]
[SourceVersionDate "2008.11.05"]
[SourceQuality "1"]

1. e4 d5 2. exd5 Qxd5 3. Nc3 Qd6 4. d4 Nf6 5. Nf3 c6 6. h3 Bf5 7. Bc4 Nbd7 8. Qe2 e6 9. Bg5 Be7 10. 0-0-0 Nb6 11. Bb3 Nfd5 12. Bxe7 Qxe7 13. Nxd5 cxd5 14. Ne5 0-0-0 15. g4 Bg6 16. h4 f6 17. Nxg6 hxg6 18. f4 Kb8 19. Rde1 Rde8 20. Qf2 Qd6 21. Re2 g5 22. fxg5 fxg5 23. Qh2 Kc7 24. h5 Rhf8 25. Qxd6+ Kxd6 26. Re5 Rf4 27. Rxg5 Re7 28. c3 Nd7 29. Bd1 Rf6 30. Bc2 Rf4 31. Bd1 Rf6 32. Ba4 Nb6 33. Bb5 a6 34. Bd3 Nd7 35. a4 Rf4 36. Rf1 Rxf1+ 37. Bxf1 e5 38. Rf5 exd4 39. cxd4 Nf6 40. h6 Nxg4 41. h7 Re8 42. Rf7 Nf6 43. Bd3 Nxh7 44. Bxh7 Rc8+ 45. Bc2 b5 46. Rxg7 bxa4 47. Rg6+ 1-0

[Event "Wloclawek Weekend Classic 3rd"]
[Site "Wloclawek"]
[Date "2007.08.27"]
[Round "2"]
[White "Pietrzak, Tomasz"]
[Black "Gorniewicz, Oskar"]
[Result "1-0"]
[WhiteElo "1991"]
[BlackElo "1653"]
[PlyCount "49"]
[EventDate "2007.08.24"]
[EventType "swiss"]
[EventRounds "5"]
[EventCountry "POL"]
[SourceTitle "EXT 2011"]
[Source "ChessBase"]
[SourceDate "2010.11.26"]
[SourceVersion "1"]
[SourceVersionDate "2010.11.26"]
[SourceQuality "1"]

1. Nf3 Nf6 2. c4 c6 3. Nc3 d5 4. d4 e6 5. cxd5 cxd5 6. Bf4 Nc6 7. e3 Bb4 8. Bd3 Qa5 9. 0-0 Bxc3 10. bxc3 Qxc3 11. Bd6 Qa5 12. Ne5 Qd8 13. Ba3 Ne7 14. Bb5+ Bd7 15. Qa4 a6 16. Bxd7+ Nxd7 17. Rfc1 Ng6 18. Rc3 f6 19. Nxg6 hxg6 20. Qc2 Kf7 21. Rc1 b5 22. Rc7 Re8 23. Qc6 Re7 24. Bxe7 Kxe7 25. Rxd7+ 1-0

[Event "Wloclawek Weekend Classic 2nd"]
[Site "Wloclawek"]
[Date "2007.03.25"]
[Round "5"]
[White "Pietrzak, Tomasz"]
[Black "Zietak, Krzysztof"]
[Result "0-1"]
[WhiteElo "1991"]
[BlackElo "2020"]
[PlyCount "82"]
[EventDate "2007.03.23"]
[EventType "swiss"]
[EventRounds "5"]
[EventCountry "POL"]
[SourceTitle "EXT 2008"]
[Source "ChessBase"]
[SourceDate "2007.11.25"]
[SourceVersion "1"]
[SourceVersionDate "2007.11.25"]
[SourceQuality "1"]

1. Nf3 e6 2. c4 b6 3. g3 Bb7 4. Bg2 f5 5. Nc3 Nf6 6. 0-0 Bb4 7. Qb3 Bxc3 8. Qxc3 0-0 9. b3 d6 10. d4 Nbd7 11. Bb2 Qe7 12. Nd2 Bxg2 13. Kxg2 e5 14. dxe5 dxe5 15. e4 f4 16. b4 Qe6 17. Rad1 Rae8 18. a3 Qg4 19. f3 Qg6 20. Rf2 fxg3 21. hxg3 Nh5 22. Nf1 Ndf6 23. Qe1 Nf4+ 24. Kh1 Qh5+ 25. Nh2 Nh3 26. Re2 Ng5 27. Rd3 Qf7 28. c5 Qe6 29. cxb6 cxb6 30. b5 Qh3 31. Rg2 Nh5 32. Kg1 Rf7 33. Bc1 Ne6 34. Bb2 Nc7 35. a4 Qe6 36. Qd1 Nf6 37. Ba3 Qc4 38. Bd6 Ne6 39. Bxe5 Qc5+ 40. Bd4 Nxd4 41. Rxd4 Rd7 0-1

[Event "Wloclawek Weekend Classic 2nd"]
[Site "Wloclawek"]
[Date "2007.03.23"]
[Round "2"]
[White "Stuczynski, Andrzej"]
[Black "Pietrzak, Tomasz"]
[Result "1-0"]
[WhiteElo "2190"]
[BlackElo "1991"]
[PlyCount "108"]
[EventDate "2007.03.23"]
[EventType "swiss"]
[EventRounds "5"]
[EventCountry "POL"]
[SourceTitle "EXT 2008"]
[Source "ChessBase"]
[SourceDate "2007.11.25"]
[SourceVersion "1"]
[SourceVersionDate "2007.11.25"]
[SourceQuality "1"]

1. e4 d5 2. exd5 Qxd5 3. Nc3 Qd6 4. d4 Nf6 5. Bc4 c6 6. Nge2 Bf5 7. Bf4 Qd8 8. Ng3 Bg6 9. h4 h6 10. h5 Bh7 11. Qd2 e6 12. a3 Nbd7 13. Ba2 Qa5 14. 0-0-0 b5 15. Rhe1 0-0-0 16. Kb1 Nd5 17. Nxd5 Qxd2 18. Rxd2 cxd5 19. Re3 Kb7 20. Rb3 a6 21. Rc3 Rc8 22. Rxc8 Kxc8 23. Re2 Nb6 24. Re3 Kd7 25. Rc3 Bd6 26. Bxd6 Kxd6 27. Kc1 Rc8 28. Rxc8 Nxc8 29. Kd2 Nb6 30. Nf1 f6 31. Bb3 Nc4+ 32. Bxc4 dxc4 33. c3 Bg8 34. Ke3 Bh7 35. Kf4 a5 36. Nd2 Kd5 37. Ke3 Bc2 38. f3 Kc6 39. g4 Kd5 40. Nf1 Bd3 41. Nd2 Bc2 42. Nf1 Bd3 43. Ng3 Bc2 44. Nh1 Bd3 45. b4 axb4 46. axb4 e5 47. dxe5 fxe5 48. Ng3 Ke6 49. Ne4 Bc2 50. Nf2 Bb1 51. Nh3 Bc2 52. Kd2 Bb1 53. Ke2 Bc2 54. Ke3 Bb1 1-0